00421nam a2200169Ia 4500001001000000003000500010008004100015010001100056040000900067082002100076100002400097245006700121250000800188260003100196300001100227650001300238Para_1828CHAP220125s1993 xx 000 0 und d a200475 cCHAP aPA 635.933216 W4 aWhite, John William aGeraniums IV :b the growers manual /c by John William White a4a. aGeneva, Illinois :b Ball a412 p. aGeranios